000 00469nam a2200193Ia 4500
005 20240823040748.0
008 240823s9999||||xx |||||||||||||| ||und||
020 _a978-0-19-806412-1
041 _aENGLISH
082 _A954 Q3
100 _aChakrabarti K Dilip
245 0 _aIndia An Archaeological Histroy
250 _a1st
260 _c2013
_bOxford University
_aNew Delhi
500 _aYES
650 _aGeneral
_bGeneral
942 _cBK
999 _c203888
_d203888